000 00614nam a22001937a 4500
999 _c58263
_d58263
005 20211015134442.0
008 211015s2007 enk||||| |||| 00| 0 eng d
020 _a9788779897465
041 _aeng
080 _a159.964 H-88
100 _aHubbard, L. Ron
_912506
245 _aAdvanced Procedure and Axioms /
_cL. Ron Hubbard.
264 _aLos Angeles :
_bNew Era,
_c2007.
300 _a295 p.
_b23 cm.
440 _aDianetic Publication
_912666
653 _aდიანეტიკა
653 _aმოწინავე პროცედურა და აქსიომები
942 _2udc
_cBK